Bookstore cat / (Record no. 103457)
[ view plain ]
| 000 -LEADER | |
|---|---|
| fixed length control field | 00608nam a2200193 a 4500 |
| 005 - DATE AND TIME OF LATEST TRANSACTION | |
| control field | 20140412111302.0 |
| 008 - FIXED-LENGTH DATA ELEMENTS--GENERAL INFORMATION | |
| fixed length control field | 010118s19uu xx 00 eng d |
| 020 ## - INTERNATIONAL STANDARD BOOK NUMBER | |
| International Standard Book Number | 0-394-84109-3 |
| 050 ## - LIBRARY OF CONGRESS CALL NUMBER | |
| Classification number | ER |
| Item number | Bo63 1994 |
| 100 ## - MAIN ENTRY--PERSONAL NAME | |
| Personal name | Wheeler, Cindy |
| 245 ## - TITLE STATEMENT | |
| Title | Bookstore cat / |
| Statement of responsibility, etc | by Cindy Wheeler. |
| 260 ## - PUBLICATION, DISTRIBUTION, ETC. (IMPRINT) | |
| Place of publication, distribution, etc | New York : |
| Name of publisher, distributor, etc | Random House, |
| Date of publication, distribution, etc | 1994. |
| 300 ## - PHYSICAL DESCRIPTION | |
| Extent | 32 p. ; ill. ; col. |
| 440 ## - SERIES STATEMENT/ADDED ENTRY--TITLE | |
| Title | Step into Reading, Step 1 Book |
| 520 ## - SUMMARY, ETC. | |
| Summary, etc | Mulligan, the bookstore cat, has an exicting day when a pigeon wanders into the store. |
| 650 ## - SUBJECT ADDED ENTRY--TOPICAL TERM | |
| Topical term or geographic name as entry element | Cats -- Fiction |
| 650 ## - SUBJECT ADDED ENTRY--TOPICAL TERM | |
| Topical term or geographic name as entry element | Bookstores -- Fiction |
| Withdrawn status | Lost status | Damaged status | Use restrictions | Home library | Current library | Shelving location | Date acquired | Source of acquisition | Cost, normal purchase price | Total Checkouts | Full call number | Barcode | Date last seen | Price effective from | Koha item type |
|---|---|---|---|---|---|---|---|---|---|---|---|---|---|---|---|
| Elizalde Library | Elizalde Library | Easy Reading Section | 01/18/2001 | 85.75 | ER Bo63 1994 | E4877 | 04/12/2014 | 04/12/2014 | Books |